000
00298nam a2200133Ia 4500
008
231129s1980||||xx |||||||||||||| ||spa||
040
_b
spa
082
_a
153.9 M978m
100
_a
Murphy Joseph
245
0
_a
Los milagros de su mente
260
_c
1980
264
_a
Climent
942
_2
ddc
_c
BKS
999
_c
19838
_d
19838